Sport : Les épreuves de l'heptathlon - Statistiques

Statistiques générales
  • Ce quiz a été pris 99 fois
  • Le résultat moyen est 5 sur 7
Statistiques - réponses
Disciplines % Correct
1er jour Saut en hauteur
94%
2ème jour Saut en longueur
89%
1er jour Lancer de poids
85%
1er jour 100 mètres haies
62%
1er jour 200 mètres
55%
2ème jour Lancer de javelot
55%
2ème jour 800 mètres
52%
Aucun quiz correspondant
Distribution des résultats
% des personnes avec chaque résultat
Percentile par nombre de réponses
Votre historique - résultats
Vous n’avez pas pris ce quiz